[Event "Fuerstenfeld U18 op 6th"]
[Site "Fuerstenfeld"]
[Date "2023.07.23"]
[Round "6"]
[White "Gstrein, Matteo"]
[Black "Savchuk, Alexander"]
[Result "1-0"]
[WhiteElo "1385"]
[BlackElo "1433"]
[PlyCount "43"]
[EventDate "2023.07.20"]
[EventType "swiss"]
[EventRounds "7"]
[EventCountry "AUT"]
[SourceTitle "CBM 215 Extra"]
[Source "ChessBase"]
[SourceDate "2023.09.30"]
[SourceVersion "1"]
[SourceVersionDate "2023.09.30"]
[SourceQuality "1"]

1. e4 c5 2. Nf3 d6 3. d4 cxd4 4. Nxd4 Nf6 5. Nc3 g6 6. Be3 Bg7 7. f3 0-0 8. Qd2 Nc6 9. g4 Qa5 10. Nb3 Qc7 11. 0-0-0 Be6 12. h4 Ne5 13. Be2 Nc4 14. Bxc4 Qxc4 15. Bh6 Bxh6 16. Qxh6 Kh8 17. h5 gxh5 18. g5 Ng8 19. Qxh5 h6 20. Rdg1 f6 21. Qg6 Rf7 22. gxh6 1-0

[Event "Fuerstenfeld U18 op 6th"]
[Site "Fuerstenfeld"]
[Date "2023.07.21"]
[Round "2"]
[White "Fidan, Naz Mercan"]
[Black "Savchuk, Alexander"]
[Result "0-1"]
[WhiteElo "1053"]
[BlackElo "1433"]
[PlyCount "92"]
[EventDate "2023.07.20"]
[EventType "swiss"]
[EventRounds "7"]
[EventCountry "AUT"]
[SourceTitle "CBM 215 Extra"]
[Source "ChessBase"]
[SourceDate "2023.09.30"]
[SourceVersion "1"]
[SourceVersionDate "2023.09.30"]
[SourceQuality "1"]

1. c4 Nf6 2. g3 g6 3. Bg2 Bg7 4. Nc3 d6 5. Nf3 e5 6. d3 0-0 7. Bg5 Nbd7 8. Qd2 c6 9. 0-0 a5 10. d4 Qc7 11. dxe5 Nxe5 12. Nxe5 dxe5 13. Rfd1 Be6 14. c5 Rad8 15. Qc2 h6 16. Bxf6 Bxf6 17. Ne4 Be7 18. a3 f5 19. Nd2 e4 20. b4 Rd4 21. Rab1 Rfd8 22. Bf1 Qd7 23. Rb2 a4 24. e3 Bb3 25. Qc1 Bxd1 26. exd4 Qxd4 27. Nc4 Bg5 28. Qb1 Bb3 29. Rxb3 axb3 30. Qxb3 Qd5 31. h4 Bf6 32. Qe3 Kg7 33. Qf4 g5 34. hxg5 hxg5 35. Qc7+ Rd7 36. Qc8 Kg6 37. Nb6 Rd8 38. Qxb7 Qe6 39. a4 e3 40. Qa6 exf2+ 41. Kxf2 Bd4+ 42. Kg2 Qe4+ 43. Kh2 Rh8+ 44. Bh3 Qc2+ 45. Qe2 Qxe2+ 46. Kh1 Rxh3# 0-1